| 000 | 00873nam a22001697a 4500 | ||
|---|---|---|---|
| 999 |
_c370954 _d370954 |
||
| 008 | 201130b ||||| |||| 00| 0 eng d | ||
| 040 |
_bger _cSTAFF _erda _aSTAFF |
||
| 100 | _aSchröder, Dietrich: | ||
| 245 |
_a"Auf dem Marktplatz Europas". _bInterview: Warum Ostdeutschland, Polen und Ungarn drei Jahrzehnte nach der Wende noch immer Veränderungsschmerzen haben und das "Zukunftszentrum europäische Transformation und deutsche Einheit" an die Oder gehört, erläutert die Viadrina Wissenschaftlerin Dagmara Jajesniak-Quast./ _cDietrich Schröder |
||
| 653 | _aFrankfurt (Oder) | ||
| 653 | _aJajeśniak-Quast , Dagmara 1972- | ||
| 773 |
_dFrankfurt (Oder): Märkisches Verlags- und Druckhaus GmbH & Co KG _g32. Jahrgang (2020) Nr. 239 vom 13.10.2021, S. 9 _tMärkische Oderzeitung |
||
| 942 | _cA | ||